[Event "SVK-chT2C 1718"]
[Site "Slovakia"]
[Date "2018.01.13"]
[Round "5.6"]
[White "Urbanik, Lukas"]
[Black "Vrchovsky, Viliam"]
[Result "1/2-1/2"]
[WhiteElo "1961"]
[BlackElo "1976"]
[PlyCount "104"]
[EventDate "2017.10.28"]
[EventType "team-tourn"]
[EventRounds "11"]
[EventCountry "SVK"]
[SourceTitle "EXT 2019"]
[Source "ChessBase"]
[SourceDate "2018.10.10"]
[SourceVersion "1"]
[SourceVersionDate "2018.10.10"]
[SourceQuality "1"]
[WhiteTeam "Cadca Caissa"]
[BlackTeam "Dunajov Inbest II"]
[WhiteTeamCountry "SVK"]
[BlackTeamCountry "SVK"]

1. e4 d6 2. d4 e6 3. Nf3 Nd7 4. Nc3 Be7 5. h3 a6 6. a4 Ngf6 7. Bc4 Nb6 8. Bd3 Bd7 9. 0-0 0-0 10. Qe2 Ne8 11. a5 Nc8 12. e5 d5 13. Nd1 Na7 14. Ne3 c5 15. dxc5 Bxc5 16. c4 Bxe3 17. Bxe3 dxc4 18. Bxc4 Nc7 19. Bc5 Re8 20. Rfd1 Nd5 21. Qe4 Bc6 22. Bd3 g6 23. Qg4 Nb5 24. Ng5 Qc7 25. f4 Kg7 26. Qh4 h5 27. Ne4 Qd8 28. Nf6 Nxf6 29. Bxg6 Nd5 30. Qxd8 Rexd8 31. Be4 Nxf4 32. Bxc6 bxc6 33. Be7 Rxd1+ 34. Rxd1 Nd5 35. Bh4 Rg8 36. Bf2 Kf8 37. Kf1 Rg5 38. Rc1 Ne7 39. Bh4 Rf5+ 40. Kg1 Ng6 41. Bf6 Nxe5 42. Bxe5 Rxe5 43. Rxc6 Re2 44. Rxa6 Rxb2 45. Rb6 Kg7 46. a6 Kg6 47. h4 Ra2 48. Rxb5 Rxa6 49. Kf2 f5 50. g3 Kf6 51. Rb8 Ke5 52. Rb5+ Ke4 1/2-1/2

[Event "Oravska Priehrada op"]
[Site "Namestovo"]
[Date "2017.08.27"]
[Round "6"]
[White "Dzwierzynski, Bartosz"]
[Black "Urbanik, Lukas"]
[Result "1/2-1/2"]
[WhiteElo "1820"]
[BlackElo "1993"]
[PlyCount "62"]
[EventDate "2017.08.25"]
[EventType "swiss"]
[EventRounds "7"]
[EventCountry "SVK"]
[SourceTitle "CBM 180 Extra"]
[Source "ChessBase"]
[SourceDate "2017.10.06"]
[SourceVersion "1"]
[SourceVersionDate "2017.10.06"]
[SourceQuality "1"]

1. d4 Nf6 2. c4 e6 3. Nc3 Bb4 4. f3 c5 5. d5 exd5 6. cxd5 d6 7. e4 0-0 8. Bc4 Nbd7 9. Nge2 a6 10. a4 Ne5 11. Bb3 Bd7 12. 0-0 c4 13. Bc2 Bc5+ 14. Kh1 b5 15. axb5 axb5 16. Rxa8 Qxa8 17. Nd4 b4 18. Nce2 h6 19. h3 Re8 20. Bf4 Ng6 21. Bh2 Qa7 22. Bg1 Qb6 23. Ba4 Ne5 24. Bc2 Ra8 25. f4 Ng6 26. Bb1 Ra1 27. Nc2 Ra8 28. Bxc5 Qxc5 29. Ncd4 Ra1 30. Nc2 Ra8 31. Ncd4 Ra1 1/2-1/2

[Event "Oravska Priehrada op"]
[Site "Namestovo"]
[Date "2017.08.25"]
[Round "1"]
[White "Urbanik, Lukas"]
[Black "Zicho, Anton"]
[Result "1-0"]
[WhiteElo "1993"]
[BlackElo "1600"]
[PlyCount "43"]
[EventDate "2017.08.25"]
[EventType "swiss"]
[EventRounds "7"]
[EventCountry "SVK"]
[SourceTitle "CBM 180 Extra"]
[Source "ChessBase"]
[SourceDate "2017.10.06"]
[SourceVersion "1"]
[SourceVersionDate "2017.10.06"]
[SourceQuality "1"]

1. Nf3 d5 2. c4 e6 3. g3 Nf6 4. Bg2 Be7 5. 0-0 0-0 6. d4 c5 7. Nc3 Nc6 8. cxd5 exd5 9. Bg5 c4 10. Rc1 h6 11. Bxf6 Bxf6 12. b3 cxb3 13. Qxb3 Nxd4 14. Nxd4 Bxd4 15. Nxd5 Rb8 16. Rfd1 Be5 17. f4 Bf6 18. e4 b6 19. e5 Bg4 20. Nxf6+ Qxf6 21. exf6 Bxd1 22. Rxd1 1-0

[Event "SVK-chT2C 1617"]
[Site "Slovakia"]
[Date "2017.03.12"]
[Round "11.4"]
[White "Halak, Miklos"]
[Black "Urbanik, Lukas"]
[Result "1-0"]
[WhiteElo "2186"]
[BlackElo "2020"]
[PlyCount "53"]
[EventDate "2016.10.08"]
[EventType "team-tourn"]
[EventRounds "11"]
[EventCountry "SVK"]
[SourceTitle "EXT 2018"]
[Source "ChessBase"]
[SourceDate "2017.10.13"]
[SourceVersion "1"]
[SourceVersionDate "2017.10.13"]
[SourceQuality "1"]
[WhiteTeam "Cebovce"]
[BlackTeam "Cadca Caissa"]
[WhiteTeamCountry "SVK"]
[BlackTeamCountry "SVK"]

1. e4 c5 2. Nf3 d6 3. d4 Nf6 4. Nc3 cxd4 5. Bb5+ Nc6 6. Nxd4 Bd7 7. 0-0 e6 8. Re1 Be7 9. Bf1 a6 10. a4 0-0 11. Be3 Rc8 12. Nxc6 Bxc6 13. a5 d5 14. Bb6 Qd7 15. e5 Ne4 16. Nxe4 dxe4 17. Qg4 Bd5 18. Be3 Kh8 19. c3 Qc7 20. Qh5 Kg8 21. Bb6 Qb8 22. Re3 g6 23. Qh6 Qxe5 24. Bd4 Bg5 25. Qxf8+ Kxf8 26. Bxe5 Bxe3 27. fxe3 1-0

[Event "Oravska Priehrada op"]
[Site "Oravska Priehrada"]
[Date "2016.08.29"]
[Round "7"]
[White "Murin, Pavol"]
[Black "Urbanik, Lukas"]
[Result "0-1"]
[WhiteElo "2015"]
[BlackElo "1994"]
[PlyCount "130"]
[EventDate "2016.08.26"]
[EventType "swiss"]
[EventRounds "7"]
[EventCountry "SVK"]
[SourceTitle "CBM 174 Extra"]
[Source "ChessBase"]
[SourceDate "2016.10.10"]
[SourceVersion "1"]
[SourceVersionDate "2016.10.10"]
[SourceQuality "1"]

1. d4 Nf6 2. c4 e6 3. Nc3 Bb4 4. f3 c5 5. d5 b5 6. e4 exd5 7. cxd5 0-0 8. Bg5 h6 9. Bh4 d6 10. Bd3 Nbd7 11. Nge2 a6 12. 0-0 Re8 13. Kh1 Ne5 14. a3 Ba5 15. h3 Ng6 16. Bf2 Nh5 17. Qc1 Qf6 18. Be3 Bxc3 19. bxc3 Qh4 20. Kh2 Ne5 21. Bb1 Ra7 22. Qe1 Qxe1 23. Rxe1 Nf6 24. Bf2 Rae7 25. Ra2 Nfd7 26. a4 Nb6 27. axb5 axb5 28. f4 Nec4 29. Bd3 Rxe4 30. Bxe4 Rxe4 31. Rb1 Bd7 32. Rd1 Kf8 33. Kg3 Na4 34. Rc1 Ncb6 35. Kf3 f5 36. g4 g6 37. Rd2 Nc4 38. Ra2 Na5 39. Rac2 Rc4 40. Bh4 Nb3 41. Rb1 Nd4+ 42. Nxd4 cxd4 43. Bf6 dxc3 44. Ke3 b4 45. g5 h5 46. Bd4 Be8 47. Kd3 Bb5 48. Ke3 Ke7 49. h4 Nc5 50. Ra1 Na4 51. Rb1 Kd7 52. Bf6 Re4+ 53. Kf3 Bd3 54. Ra2 Bxb1 55. Rxa4 c2 56. Ra7+ Kc8 57. Bb2 Kb8 58. Rg7 Ba2 59. Rxg6 Kc7 60. Rg7+ Kb6 61. Rd7 Bxd5 62. Rxd6+ Kc5 63. Rd8 Re8+ 64. Rxd5+ Kxd5 65. g6 Rg8 0-1

[Event "Oravska Priehrada op"]
[Site "Oravska Priehrada"]
[Date "2016.08.29"]
[Round "6"]
[White "Urbanik, Lukas"]
[Black "Mucha, Roman"]
[Result "0-1"]
[WhiteElo "1994"]
[BlackElo "2185"]
[PlyCount "68"]
[EventDate "2016.08.26"]
[EventType "swiss"]
[EventRounds "7"]
[EventCountry "SVK"]
[SourceTitle "CBM 174 Extra"]
[Source "ChessBase"]
[SourceDate "2016.10.10"]
[SourceVersion "1"]
[SourceVersionDate "2016.10.10"]
[SourceQuality "1"]

1. e4 c5 2. Nf3 a6 3. c4 Nc6 4. d4 cxd4 5. Nxd4 Nf6 6. Nc3 e5 7. Nc2 Bc5 8. Bd3 0-0 9. 0-0 d6 10. Bg5 h6 11. Bxf6 Qxf6 12. Nd5 Qd8 13. b4 Ba7 14. Qh5 Be6 15. Nce3 Bxe3 16. fxe3 Bxd5 17. exd5 Nxb4 18. Be4 a5 19. Rab1 Qg5 20. Qh3 Nxa2 21. Rxb7 Nc3 22. Rf5 Qg6 23. Bf3 a4 24. Bh5 Qh7 25. Bxf7+ Kh8 26. Be6 a3 27. e4 Rxf5 28. exf5 a2 29. Qxc3 a1Q+ 30. Qxa1 Rxa1+ 31. Kf2 Ra8 32. c5 h5 33. c6 Qh6 34. Rb2 Qc1 0-1

[Event "Oravska Priehrada op"]
[Site "Oravska Priehrada"]
[Date "2016.08.28"]
[Round "4"]
[White "Bielik, Peter"]
[Black "Urbanik, Lukas"]
[Result "0-1"]
[WhiteElo "1863"]
[BlackElo "1994"]
[PlyCount "64"]
[EventDate "2016.08.26"]
[EventType "swiss"]
[EventRounds "7"]
[EventCountry "SVK"]
[SourceTitle "CBM 174 Extra"]
[Source "ChessBase"]
[SourceDate "2016.10.10"]
[SourceVersion "1"]
[SourceVersionDate "2016.10.10"]
[SourceQuality "1"]

1. d4 Nf6 2. c4 e6 3. Nf3 d5 4. Bg5 c6 5. Nc3 dxc4 6. e4 b5 7. e5 h6 8. Bh4 g5 9. Nxg5 hxg5 10. Bxg5 Nbd7 11. exf6 Bb7 12. g3 Qb6 13. Bg2 c5 14. d5 0-0-0 15. 0-0 b4 16. Na4 Qb5 17. b3 c3 18. Re1 Nb8 19. Qg4 Bxd5 20. Rad1 Bxg2 21. Rxd8+ Kxd8 22. Kxg2 Nd7 23. Qd1 Kc8 24. Qf3 Qb7 25. Qe4 Bd6 26. a3 Qxe4+ 27. Rxe4 a5 28. axb4 axb4 29. Be3 Kc7 30. Rg4 Ra8 31. h4 Rxa4 32. bxa4 b3 0-1

[Event "SVK-chT2C 1516"]
[Site "Slovakia"]
[Date "2015.11.08"]
[Round "4.7"]
[White "Mikulec, Martin"]
[Black "Urbanik, Lukas"]
[Result "1/2-1/2"]
[WhiteElo "1818"]
[BlackElo "1964"]
[PlyCount "61"]
[EventDate "2015.10.17"]
[EventType "team-tourn"]
[EventRounds "11"]
[EventCountry "SVK"]
[SourceTitle "CBM 169 Extra"]
[Source "ChessBase"]
[SourceDate "2015.12.18"]
[SourceVersion "1"]
[SourceVersionDate "2015.12.18"]
[SourceQuality "1"]
[WhiteTeam "Banska Bystrica Veza"]
[BlackTeam "Cadca Caissa II"]
[WhiteTeamCountry "SVK"]
[BlackTeamCountry "SVK"]

1. e4 c5 2. Nf3 d6 3. d4 cxd4 4. Nxd4 Nf6 5. Nc3 a6 6. Be2 e5 7. Nb3 Be7 8. Bg5 Be6 9. Qd2 Nbd7 10. 0-0 0-0 11. h3 Rc8 12. Kh1 Rxc3 13. Qxc3 Nxe4 14. Bxe7 Qxe7 15. Qe3 f5 16. Bf3 Ndf6 17. Bxe4 Nxe4 18. Nd2 Nf6 19. c4 f4 20. Qe2 Bf5 21. Rfe1 e4 22. Qf3 Qe5 23. Qb3 Qd4 24. Re2 f3 25. gxf3 e3 26. fxe3 Qh4 27. Rg1 Nh5 28. Qxb7 Bxh3 29. Rh2 Ng3+ 30. Rxg3 Qxg3 31. Re2 1/2-1/2

[Event "SVK-chT2C 1415"]
[Site "Slovakia"]
[Date "2015.03.08"]
[Round "11.8"]
[White "Rabovszky, Gyorgy"]
[Black "Urbanik, Lukas"]
[Result "1-0"]
[WhiteElo "1863"]
[BlackElo "1967"]
[PlyCount "47"]
[EventDate "2014.10.11"]
[EventType "team-tourn"]
[EventRounds "11"]
[EventCountry "SVK"]
[SourceTitle "EXT 2016"]
[Source "ChessBase"]
[SourceDate "2015.10.08"]
[SourceVersion "1"]
[SourceVersionDate "2015.10.08"]
[SourceQuality "1"]
[WhiteTeam "Filakovo"]
[BlackTeam "Cadca Caissa II"]
[WhiteTeamCountry "SVK"]
[BlackTeamCountry "SVK"]

1. e4 c5 2. Nc3 d6 3. f4 g6 4. Bc4 Bg7 5. Nf3 Nc6 6. f5 Nf6 7. d3 0-0 8. 0-0 e6 9. Bg5 Qb6 10. Qd2 Ng4 11. h3 Qxb2 12. Rab1 Qxc3 13. Qxc3 Bxc3 14. hxg4 Na5 15. fxe6 fxe6 16. Be7 Nxc4 17. Bxf8 Kxf8 18. dxc4 b6 19. Rb3 Bg7 20. Ng5+ Kg8 21. Nf7 Bf8 22. Rd3 e5 23. Nxe5 dxe5 24. Rd8 1-0

[Event "SVK-chT2C 1415"]
[Site "Slovakia"]
[Date "2015.02.15"]
[Round "9.5"]
[White "Minich, Miroslav"]
[Black "Urbanik, Lukas"]
[Result "0-1"]
[WhiteElo "1989"]
[BlackElo "1967"]
[PlyCount "100"]
[EventDate "2014.10.11"]
[EventType "team-tourn"]
[EventRounds "11"]
[EventCountry "SVK"]
[SourceTitle "EXT 2016"]
[Source "ChessBase"]
[SourceDate "2015.10.08"]
[SourceVersion "1"]
[SourceVersionDate "2015.10.08"]
[SourceQuality "1"]
[WhiteTeam "Banska Bystrica Veza"]
[BlackTeam "Cadca Caissa II"]
[WhiteTeamCountry "SVK"]
[BlackTeamCountry "SVK"]

1. c4 Nf6 2. g3 e6 3. Bg2 d5 4. cxd5 exd5 5. Nf3 c6 6. 0-0 Bd6 7. d4 0-0 8. Bg5 Nbd7 9. Nc3 Re8 10. Rc1 h6 11. Bxf6 Nxf6 12. Re1 Bf5 13. e3 Qd7 14. Qb3 Rad8 15. Nd2 Re7 16. Na4 Nh7 17. Nc5 Bxc5 18. Rxc5 Bh3 19. Bh1 Ng5 20. Nf3 Ne4 21. Rc2 Qf5 22. Qa3 Rde8 23. Qxa7 Nxg3 24. hxg3 Qxc2 25. Qb6 Bf5 26. Qb4 Be4 27. Nd2 Bxh1 28. Kxh1 Qf5 29. Kg2 g5 30. Rh1 Kg7 31. Qd6 Qe6 32. Qb4 f5 33. Nb3 f4 34. Nc5 Qf6 35. exf4 gxf4 36. Rh4 f3+ 37. Kh2 Re2 38. Qxb7+ R8e7 39. Rg4+ Kh7 40. Qc8 Rxf2+ 41. Kh3 Qf7 42. Rf4 Qh5+ 43. Rh4 Qe8 44. Qf5+ Qg6 45. Qf8 Rg7 46. g4 Qg5 47. Qb8 Rf1 48. Qh2 f2 49. Ne6 Qe3+ 50. Qg3 Rh1+ 0-1

[Event "SVK-chT2C 1415"]
[Site "Slovakia"]
[Date "2014.12.07"]
[Round "6.6"]
[White "Staffen, Richard"]
[Black "Urbanik, Lukas"]
[Result "0-1"]
[WhiteElo "1974"]
[BlackElo "1967"]
[PlyCount "58"]
[EventDate "2014.10.11"]
[EventType "team-tourn"]
[EventRounds "11"]
[EventCountry "SVK"]
[SourceTitle "EXT 2016"]
[Source "ChessBase"]
[SourceDate "2015.10.08"]
[SourceVersion "1"]
[SourceVersionDate "2015.10.08"]
[SourceQuality "1"]
[WhiteTeam "Zilina Mladost II"]
[BlackTeam "Cadca Caissa II"]
[WhiteTeamCountry "SVK"]
[BlackTeamCountry "SVK"]

1. Nf3 Nf6 2. c4 e6 3. Nc3 d5 4. d4 dxc4 5. e4 Bb4 6. Qc2 c5 7. dxc5 Nc6 8. Bxc4 Qa5 9. Bd2 Qxc5 10. Bd3 Qh5 11. 0-0 0-0 12. a3 Bd6 13. h3 Bd7 14. Rad1 Rac8 15. Be3 Rfd8 16. Be2 Bb8 17. Rd2 Be8 18. Rfd1 Rxd2 19. Rxd2 h6 20. Qd1 Qa5 21. Qb3 Qc7 22. g3 Qe7 23. Bd3 a6 24. Bb1 Na5 25. Qc2 Nc4 26. e5 Bxe5 27. Nxe5 Nxe5 28. Rd1 Bc6 29. Kf1 b5 0-1

[Event "Zilina-ch"]
[Site "Zilina"]
[Date "2014.05.10"]
[Round "3"]
[White "Urbanik, Lukas"]
[Black "Tomcikova, Dominika"]
[Result "1-0"]
[WhiteElo "1936"]
[BlackElo "1592"]
[PlyCount "53"]
[EventDate "2014.05.09"]
[EventType "swiss"]
[EventRounds "6"]
[EventCountry "SVK"]
[SourceTitle "CBM 160 Extra"]
[Source "ChessBase"]
[SourceDate "2014.07.01"]
[SourceVersion "1"]
[SourceVersionDate "2014.07.01"]
[SourceQuality "1"]

1. e4 c6 2. d4 d5 3. Nc3 dxe4 4. Nxe4 Nf6 5. Nxf6+ exf6 6. Nf3 Bd6 7. Be2 Be6 8. 0-0 0-0 9. c4 Bc7 10. Qd3 Re8 11. Bd2 g6 12. Rfe1 Nd7 13. Bc3 Nb6 14. b3 Bf4 15. Bb2 a5 16. Qc3 a4 17. Ba3 axb3 18. axb3 Nc8 19. Bb2 Rxa1 20. Rxa1 Nd6 21. Bd3 Bf5 22. Bxf5 Nxf5 23. g3 Bc7 24. Rd1 Ne7 25. d5 cxd5 26. Qxf6 Nf5 27. Qh8# 1-0

[Event "SVK-chT1E 1314"]
[Site "Slovakia"]
[Date "2014.03.02"]
[Round "9.8"]
[White "Urbanik, Lukas"]
[Black "Ondo, Radoslav"]
[Result "1-0"]
[WhiteElo "1940"]
[BlackElo "2098"]
[PlyCount "105"]
[EventDate "2013.10.12"]
[EventType "team-tourn"]
[EventRounds "11"]
[EventCountry "SVK"]
[SourceTitle "EXT 2015"]
[Source "ChessBase"]
[SourceDate "2014.11.20"]
[SourceVersion "1"]
[SourceVersionDate "2014.11.20"]
[SourceQuality "1"]
[WhiteTeam "Kysucke Nove Mesto"]
[BlackTeam "Michalovce Zemplin"]
[WhiteTeamCountry "SVK"]
[BlackTeamCountry "SVK"]

1. e4 e5 2. Nf3 d6 3. d4 exd4 4. Nxd4 Nf6 5. Nc3 Nc6 6. Be2 Bd7 7. 0-0 Nxd4 8. Qxd4 Bc6 9. Re1 Be7 10. Bf4 0-0 11. Rad1 Re8 12. Bg3 Nd7 13. f4 Bf6 14. e5 dxe5 15. fxe5 Bxe5 16. Bxe5 Nxe5 17. Qxe5 Qh4 18. Qg3 Qb4 19. Bd3 Qxb2 20. Rb1 Qa3 21. Be4 Re6 22. Bxc6 Rxc6 23. Rb3 Qa5 24. Qe5 Qxe5 25. Rxe5 b6 26. Re2 Rd8 27. Ne4 f6 28. Rd3 Rxd3 29. cxd3 Kf7 30. Kf2 a5 31. Ke3 Ke6 32. Kd2 Kd7 33. Nc3 Rc5 34. d4 Rg5 35. Kd3 c6 36. Rb2 b5 37. Ne4 Rf5 38. Rf2 Rd5 39. Nc5+ Ke7 40. Re2+ Kf7 41. Nb7 Kg6 42. Rc2 b4 43. Rc5 Rd7 44. Nxa5 Ra7 45. Kc4 h5 46. Kxb4 h4 47. a4 Re7 48. Rc2 Kf5 49. Nxc6 Re1 50. a5 Ra1 51. Kb5 Ke4 52. a6 g5 53. a7 1-0

[Event "SVK-chT1E 1314"]
[Site "Slovakia"]
[Date "2013.10.13"]
[Round "2.7"]
[White "Urbanik, Lukas"]
[Black "Vacek, Ondrej"]
[Result "0-1"]
[WhiteElo "1940"]
[BlackElo "2119"]
[PlyCount "98"]
[EventDate "2013.10.12"]
[EventType "team-tourn"]
[EventRounds "11"]
[EventCountry "SVK"]
[SourceTitle "EXT 2015"]
[Source "ChessBase"]
[SourceDate "2014.11.20"]
[SourceVersion "1"]
[SourceVersionDate "2014.11.20"]
[SourceQuality "1"]
[WhiteTeam "Kysucke Nove Mesto"]
[BlackTeam "Banska Bystrica TH"]
[WhiteTeamCountry "SVK"]
[BlackTeamCountry "SVK"]

1. e4 c6 2. d4 d5 3. Nc3 a6 4. e5 Bf5 5. g4 Bd7 6. Nh3 e6 7. Be3 Qc7 8. f4 c5 9. Ne2 cxd4 10. Nxd4 Nc6 11. Ng5 Nxd4 12. Bxd4 Ne7 13. Qd2 Nc6 14. Be3 d4 15. Bxd4 Nxd4 16. Qxd4 Bc6 17. Rg1 Qa5+ 18. Qd2 Qb6 19. Rg3 Qxb2 20. Rd1 Bb4 21. c3 Qxd2+ 22. Rxd2 Be7 23. Nf3 0-0 24. Bd3 Rad8 25. Rh3 g6 26. Nd4 Bd5 27. Kf2 Rc8 28. Bf1 Rc7 29. Bg2 Bc4 30. g5 Ba3 31. Nb3 b5 32. Bf1 Bd5 33. Bg2 Bc4 34. Bf1 Rfc8 35. Bxc4 Rxc4 36. Rd4 Rxc3 37. Rdd3 Rxd3 38. Rxd3 Rc2+ 39. Rd2 Rc4 40. Ke3 Bc1 41. Nxc1 Rxc1 42. Rd8+ Kg7 43. Ra8 Rc3+ 44. Kd4 Rc4+ 45. Kd3 Ra4 46. Kc3 Rxa2 47. Kb3 Ra4 48. Ra7 Rxf4 49. Rxa6 Rf5 0-1

[Event "Zilina op"]
[Site "Zilina"]
[Date "2013.08.29"]
[Round "1"]
[White "Matejov, Jaroslav"]
[Black "Urbanik, Lukas"]
[Result "0-1"]
[WhiteElo "2148"]
[BlackElo "1938"]
[PlyCount "84"]
[EventDate "2013.08.29"]
[EventType "swiss"]
[EventRounds "7"]
[EventCountry "SVK"]
[SourceTitle "CBM 156 Extra"]
[Source "ChessBase"]
[SourceDate "2013.10.22"]
[SourceVersion "1"]
[SourceVersionDate "2013.10.22"]
[SourceQuality "1"]

1. e4 c5 2. Nf3 d6 3. c4 e5 4. Nc3 f5 5. d3 Be7 6. g3 Nf6 7. Bg2 0-0 8. 0-0 Nc6 9. exf5 Bxf5 10. Nh4 Bg4 11. f3 Be6 12. f4 Nd7 13. f5 Bf7 14. Nf3 Bh5 15. h3 Rb8 16. g4 Bf7 17. Ne4 Nd4 18. Nfg5 Kh8 19. Nxf7+ Rxf7 20. Be3 b5 21. b3 a5 22. Qd2 a4 23. cxb5 axb3 24. Bxd4 cxd4 25. a4 d5 26. f6 Bf8 27. Ng5 Rxf6 28. Bxd5 Bb4 29. Rxf6 Qxf6 30. Nf7+ Qxf7 31. Qg2 Qg6 32. Bxb3 Qxd3 33. Bd5 Qe3+ 34. Kh1 Rf8 35. Rf1 Rxf1+ 36. Qxf1 Nf6 37. Bc6 h5 38. b6 d3 39. b7 Bd6 40. Bf3 e4 41. Bg2 Qg3 42. Qg1 d2 0-1

[Event "Zilina Region-ch"]
[Site "Zilina"]
[Date "2013.05.18"]
[Round "4"]
[White "Belus, Benjamin"]
[Black "Urbanik, Lukas"]
[Result "0-1"]
[WhiteElo "2009"]
[BlackElo "1932"]
[PlyCount "98"]
[EventDate "2013.05.17"]
[EventType "swiss"]
[EventRounds "6"]
[EventCountry "SVK"]
[SourceTitle "CBM 154 Extra"]
[Source "ChessBase"]
[SourceDate "2013.06.25"]
[SourceVersion "2"]
[SourceVersionDate "2013.06.25"]
[SourceQuality "1"]

1. e4 c5 2. Nc3 d6 3. g3 g6 4. Bg2 Nc6 5. Nge2 Bg7 6. d3 Nf6 7. d4 cxd4 8. Nxd4 Bd7 9. 0-0 0-0 10. Nxc6 bxc6 11. Bg5 Rb8 12. Rb1 Qc7 13. Qd2 Rfd8 14. Rfd1 Be6 15. b3 Qa5 16. a4 Rd7 17. Ne2 Qxd2 18. Rxd2 Rc7 19. Nd4 Bd7 20. Rbd1 h6 21. Be3 Ng4 22. Re1 Kf8 23. h3 Nxe3 24. Rxe3 a5 25. Ne2 Rb4 26. Nf4 Ke8 27. Nd3 Bd4 28. Ree2 Rb8 29. e5 d5 30. Nf4 Bc5 31. e6 Bc8 32. Nd3 Bd6 33. exf7+ Kxf7 34. Ne5+ Kf6 35. f4 Ba6 36. Ng4+ Kg7 37. Re6 Bc8 38. Ree2 h5 39. Ne5 Ba6 40. Nd3 h4 41. Kh2 hxg3+ 42. Kxg3 Rf8 43. Rf2 Bxd3 44. Rxd3 e5 45. Kg4 Rcf7 46. Rc3 Bb4 47. Rxc6 Be1 48. Rf1 Rxf4+ 49. Rxf4 Rxf4+ 0-1

[Event "SVK-chT2C 1213"]
[Site "Slovakia"]
[Date "2013.03.16"]
[Round "10.5"]
[White "Holeczy, Martin"]
[Black "Urbanik, Lukas"]
[Result "0-1"]
[WhiteElo "2023"]
[BlackElo "1874"]
[PlyCount "128"]
[EventDate "2012.10.13"]
[EventType "team-tourn"]
[EventRounds "11"]
[EventCountry "SVK"]
[SourceTitle "EXT 2015"]
[Source "ChessBase"]
[SourceDate "2014.11.20"]
[SourceVersion "1"]
[SourceVersionDate "2014.11.20"]
[SourceQuality "1"]
[WhiteTeam "Banska Bystrica Veza"]
[BlackTeam "Cadca Caissa II"]
[WhiteTeamCountry "SVK"]
[BlackTeamCountry "SVK"]

1. d4 Nf6 2. c4 e6 3. Nc3 Bb4 4. e3 b6 5. Nge2 Ba6 6. a3 Be7 7. Ng3 0-0 8. Bd3 d5 9. b3 c5 10. 0-0 Nc6 11. cxd5 Bxd3 12. Qxd3 Nxd5 13. Bb2 cxd4 14. exd4 Rc8 15. Rfd1 Na5 16. Nce2 Bd6 17. Rac1 Bb8 18. Rxc8 Qxc8 19. Rc1 Qb7 20. Qc2 Nf4 21. f3 Qd5 22. b4 Nb3 23. Rd1 a5 24. Nxf4 Bxf4 25. Ne2 Bb8 26. Rd3 a4 27. Nc3 Qc4 28. Qd1 b5 29. d5 Ba7+ 30. Kh1 Rd8 31. d6 e5 32. Nd5 Bd4 33. Ne7+ Kf8 34. Bxd4 Nxd4 35. f4 f6 36. fxe5 fxe5 37. g4 Rxd6 38. Nf5 Qc6+ 39. Kg1 Nxf5 40. gxf5 Rxd3 41. Qxd3 Ke7 42. Qg3 Qc1+ 43. Kg2 Kf6 44. Qd3 Qc6+ 45. Kf2 e4 46. Qd4+ Kxf5 47. Qxg7 Qc2+ 48. Ke1 Kf4 49. Qg3+ Kf5 50. Qh3+ Ke5 51. Qh5+ Kd4 52. Qxb5 Qc1+ 53. Ke2 Qe3+ 54. Kf1 Qf3+ 55. Kg1 e3 56. Qc5+ Kd3 57. Qb5+ Kd2 58. Qc4 Qf2+ 59. Kh1 e2 60. Qa2+ Ke3 61. Qe6+ Kd3 62. Qd5+ Qd4 63. Qf3+ Kd2 64. Qg2 Qa1+ 0-1